| 000 | 01267nam a2200241 4500 | ||
|---|---|---|---|
| 003 | AR-RoUNCS | ||
| 005 | 20260522140820.0 | ||
| 007 | ta | ||
| 008 | 210727s2008 sp a |r|||| 00| |aspa d | ||
| 020 | _a9788466639606 | ||
| 040 |
_aAR-RoUNCS _bspa _cAR-RoUNCS |
||
| 041 | 1 |
_aspa _heng |
|
| 100 | 1 |
_aBau, Joseph, _d1920-2002 |
|
| 245 | 1 | 3 |
_aEl pintor de Cracovia : _buna de las más increíbles memorias que nos ha deparado el holocausto / _cJoseph Bau ; traducción de Antonio Luis Golmar Gallego. |
| 260 |
_aBarcelona : _bEdiciones B, _cc2008. |
||
| 300 |
_a282 p. : _bil. ; _c24 cm. |
||
| 490 | 0 | _aNo ficción. Historia | |
| 520 | _aEn La lista de Schindler, los espectadores de todo el mundo vieron el milagro de la boda clandestina de dos judíos en el campo de concentración de Plaszow. El novio era un joven pintor llamado Joseph Bau, a quien las autoridades nazis habían adjudicado el número 69084. Bau describe el Holocausto de principio a fin, sin perder jamás la humanidad, la dignidad ni el humor, y lo acompaña de poemas, ilustraciones y mapas, así como de un retrato de Oskar Shindler. | ||
| 650 | 7 |
_aHolocausto judío (1939-1945) _2embne |
|
| 650 | 7 |
_aCampos de concentración _2embne |
|
| 655 | 7 |
_aAutobiografías _2embne |
|
| 942 |
_2udc _cOG _n0 |
||
| 999 |
_c1029 _d1029 |
||